| 000 | 00636nam a2200193Ii 4500 | ||
|---|---|---|---|
| 003 | JO-AjNU | ||
| 008 | 230605s9999||||xx |||||||||||||| ||und|| | ||
| 040 |
_aJO-AjNU _bara _erda _cJO-AjNU |
||
| 041 | _aara | ||
| 050 | 1 | 4 | _aDS38.6.D3432 1985 |
| 100 | 3 |
_aدلو، برهان الدين, _eauthor _942303 |
|
| 245 | 0 | 0 | _aمساهمة في اعادة كتابة التاريخ العربي الاسلامي |
| 264 | 3 | 1 | _aبيروت: دار الفاربي، 1985 |
| 300 | _a416ص | ||
| 336 |
_atext _btxt _2rdacontent |
||
| 337 |
_aunmediated _bn _2rdamedia |
||
| 338 |
_avolume _bnc _2rdacarrier |
||
| 650 | 4 |
_aعرب - تاريخ _942304 |
|
| 999 |
_aA18104 _c21672 _d21672 |
||